000 00852cam a22002891 4500
001 9952
003 BD-RjUL
005 20211208234853.0
008 140122s1954 nyua b 001 0 eng
035 _a(BD-RjUL)9998
035 _a(OCoLC)1495471
040 _aDLC
_cFMU
_dBD-RjUL
_beng
041 _aeng
082 _a581.19
_bSMM 1954
100 1 _aSmall, James
_d1889-
_930739
245 1 0 _aModern aspects of pH :
_cJames Small
_bwith special reference to plants and soils /
250 _a[1st ed.]
260 _aNew York :
_bVan Nostrand,
_c1954.
300 _axi, 247 p. :
_billus. ;
_c22 cm.
504 _aIncludes bibliography and index.
650 0 _aBotanical chemistry.
_930740
650 0 _aSoils
_xAnalysis.
_930741
650 0 _aHydrogen-ion concentration.
_930742
942 _2ddc
_cBK
999 _c9952
_d9952